Estudios sobre el engrandecimiento y la decadencia de España / (Record no. 161606)

MARC details
000 -LEADER
campo de control de longitud fija 00771nam a2200193 i 4500
001 - NÚMERO DE CONTROL
campo de control 161606
003 - IDENTIFICADOR DE NÚMERO DE CONTROL
campo de control ES-MaACL
005 - FECHA Y HORA DE LA ÚLTIMA TRANSACCIÓN
campo de control 20231228063240.0
008 - DATOS DE LONGITUD FIJA--INFORMACIÓN GENERAL
campo de control de longitud fija 931025s1878 sp |||| | spa d
100 1# - ENTRADA PRINCIPAL--NOMBRE DE PERSONA
Nombre de persona Pedregal Cañedo, Manuel,
Fechas asociadas al nombre 1831-1896
9 (RLIN) 130930
245 10 - MENCIÓN DEL TÍTULO
Título Estudios sobre el engrandecimiento y la decadencia de España /
Mención de responsabilidad, etc. por Manuel Pedregal y Cañedo.
260 ## - PUBLICACIÓN, DISTRIBUCIÓN, ETC.
Lugar de publicación, distribución, etc. Madrid :
Nombre del editor, distribuidor, etc. F. Góngora y Compañía,
Fecha de publicación, distribución, etc. 1878 (
Fabricante Imp. del Indicador de los Caminos de Hierro)
300 ## - DESCRIPCIÓN FÍSICA
Extensión 319 p. ;
Dimensiones 22 cm.
530 ## - NOTA DISPONIBLE DE FORMULARIO FÍSICO ADICIONAL
Nota de formato físico adicional disponible Disponible en formato digital.
651 #4 - PUNTO DE ACCESO ADICIONAL DE MATERIA--NOMBRE GEOGRÁFICO
Nombre geográfico España-
Subdivisión general Historia.
9 (RLIN) 8209
852 ## - LOCALIZACIÓN
Ubicación ES-MaACL
Número de control de estantería D-4132
Nota libre - Enc.hol.
856 ## - LOCALIZACIÓN Y ACCESO ELECTRÓNICOS
Identificador Uniforme de Recursos <a href="http://bdh-rd.bne.es/viewer.vm?id=0000246804&page=1 ">http://bdh-rd.bne.es/viewer.vm?id=0000246804&page=1 </a>
Nota pública Biblioteca Digital Hispánica
Holdings
Estatus retirado Estado de pérdida Estado de daño No para préstamo Colección Biblioteca de origen Biblioteca actual Ubicación en estantería Fecha de adquisición Fuente de adquisición Total de préstamos Signatura topográfica completa Código de barras Visto por última vez Precio de reemplazo Tipo de ítem Koha
        Colección digital Biblioteca del Ateneo de Madrid Biblioteca del Ateneo de Madrid Sala Valle Inclán 17/01/2008     D-4132 901169282 23/02/2023 23/02/2023 Libro impreso antiguo